000 01603nmc a2200553 a 4500
003 AR-BaBNM
005 20251128203857.0
008 276019s1984 ||||||||||||||000 | spa||
020 _a950-25-0062-8
040 _cAR-BaBNM
245 1 0 _aPropuesta para el debate educativo en 1984
260 _aBuenos Aires
_bCentro Editor de América Latina
_c1984
300 0 _a127 p.
490 0 _aBiblioteca política argentina
_vv. 63
500 0 _aContiene: anexos
600 1 4 _aEroles, Carlos
600 1 4 _aScaletzki, Alberto
600 1 4 _aLorenzo, Ana
600 1 4 _aCresto, Juan José
600 1 4 _aArdell, Stella Maris
600 1 4 _aGrischinsky, Miguel
600 1 4 _aLeyva, José M.
600 1 4 _aStubrin, Marcelo
610 2 4 _aUnión Cívica Radical [Argentina]
650 4 _aFORMACION DE DOCENTES
650 4 _aEDUCACION DEL NINO
650 4 _aEDUCACION DE ADULTOS
650 4 _aORGANIZACION DE LA EDUCACION
650 4 _aDEMOCRACIA
650 4 _aSIGLO VEINTE
650 4 _aPARTIDOS POLITICOS
650 4 _aDEMOCRACIA
650 4 _aPOLITICA EDUCATIVA
653 _aEDUCACION SECUNDARIA
653 _aCONGRESO PEDAGOGICO
700 1 _aBravo, Héctor Félix
700 1 _aBrusilovsky, Silvia
700 1 _aCamilloni, Alicia R.W. de
700 1 _aDiéguez, Arturo A.
700 1 _aFernández, Susana
700 1 _aLópez, Hebe
700 1 _aMérega, Herminia
700 1 _aRomero Brest, Gilda L. de
700 1 _aVior, Susana
700 1 _aBraslavsky, Cecilia
_ecompilador
800 1 _aTroncoso, Oscar
_edirector
942 _cBK
998 _cEnrique
999 _c5293
_d5293